000 00990nam a22003137a 4500
001 BR2014007777
003 BR-BrBNA
005 20230928104547.0
007 ta
008 230509b bl.||||| |||| 00| 0 por d
040 _aBR-BrBNA
_bpor
_cBiblioteca Nacional de Agricultura
041 _a(Por)
072 _aQ70
_b8911
_b0230
_b1112
090 _ 8911 BR2014007777
100 1 _aVieira, J.M.M.
100 1 _aLima, C.A. de
100 1 _aCosta, W.P. da
110 1 _aSuperintendência do Ensino Superior e Profissional, Goianésia, GO (Brasil). Centro de Educação Profissional Governador Otávio Lage
_910256
245 1 _aFabricação do papel à partir do bagaço da cana-de-açúcar e caule da bananeira
260 3 _aGoianésia, GO (Brasil):
_c2009.
300 _a24 p.
500 _a11 ref.; 14 illus.; 4 tables
650 _aPAPEL
650 _aPRODUTO
650 _aMERCADO
650 _aCOMERCIALIZAÇÃO
909 _a202309
_bLucia
_c55
_dLucia Elande
942 _cBK
999 _c80580
_d80580